000 00348nam a2200145Ia 4500
008 151213s9999 xx 000 0 und d
100 _aH. S. Pathak
245 _aThe Indian Contact Act
_cH. S. Pathak
260 _aBambay
_bN. M. Tripath
_c2004
300 _a2080 p.
650 _aLaw
650 _aLaw
700 _aH. S. Pathak
999 _c1530
_d1530